Top Antimony-Producing Countries - Statistics

General Stats
  • This quiz has been taken 10 times
  • The average score is 4 of 7
Answer Stats
% Tonnes Country % Correct
54.5 60,000 China
100%
18.2 20,000 Russia
100%
3.6 4,000 Australia
67%
1.2 1,300 Turkey
56%
2.3 2,500 Bolivia
44%
15.5 17,000 Tajikistan
33%
3.6 4,000 Myanmar
22%
No matching quizzes found
Score Distribution
Percent of People with Each Score
Percentile by Number Answered
Your Score History
You have not taken this quiz